| 000 | 00757nab a2200229u 4500 | ||
|---|---|---|---|
| 001 | 12457 | ||
| 003 | HDC | ||
| 007 | c| |||a|c|aaaa | ||
| 008 | 210209b99999999my ||||o |||| 00| 0 eng d | ||
| 040 | _aHDC | ||
| 245 | 0 | _aSpain's halal cosmetics market eyed for growth potential | |
| 336 |
_atext _2rdacontent |
||
| 337 |
_acomputer _2rdamedia |
||
| 338 |
_aonline resource _2rdacarrier |
||
| 650 |
_aGlobal Cosmetics News. _913069 |
||
| 650 |
_aSpanish cosmetics manufacturers _913068 |
||
| 710 | _aPOST Online Media | ||
| 856 | _zRequest full-text at [email protected] | ||
| 942 | _2lcc | ||
| 942 | _cNEWS | ||
| 942 | _kNWS0 001034 | ||
| 999 |
_c9780 _d9780 |
||